00394nam a22001337a 4500020002200000082001500022100001300037245008100050260005400131300001000185650002700195650002300222650001500245 a978-93-48132-37-6 a190bSAS/P aSasi K V aPuthanputhuma:bsidhantham sishantheekaranam samoohyavimarsam/cby Sasi K V. aKozhikode:bPavanatma Publishers Pvt. Ltd.c2024. a174p. aPostcolonial Criticism aWestern Philosophy aPhilosophy